000
00332nam a22001457a 4500
008
210506b ||||| |||| 00| 0 eng d
020
_a
9780324002324
041
_a
eng
080
_2
3rd
_a
338
082
_a
338
100
_a
53
101
_a
MEN
245
_a
Cost Management Accounting Control
_c
Don R. Hansen
942
_2
udc
_c
BK
999
_c
57087
_d
57087